000 00381 a2200157 4500
001 177055
020 _a
040 _cMagnum
100 _aBandeira, Manuel
240 1 0 _aVou-me embora pra pasargada e outros poemas
_lpor
245 1 0 _aVou-me embora pra pasargada e outros poemas
362 0 _a1899
440 1 _aEdiouro
697 _aMAGNITO: A/POESIA, SONETO
942 _cBK
999 _c177055
_d177055